000 00485nam a2200181Ia 4500
005 20250326124824.0
008 250326s9999 xx 000 0 und d
037 _aTextbook
040 _aFMSL
_beng
_cFMSL
041 _aeng
_2eng
084 _aX:8D L8
_qFMSL
100 _aYasaswy N J
245 0 _aFice for non-ficial executives
_cYasaswy N J
260 _aNew Delhi
_bNew Delhi, Allied
_c1978
300 _a323p
942 _cTB
_hX:8D L8
999 _c1275374
_d1275374